आजादी के बाद उर्दू नज्म (Record no. 1228523)

MARC details
000 -LEADER
fixed length control field 00740nam a2200217Ia 4500
005 - DATE AND TIME OF LATEST TRANSACTION
control field 20241129111017.0
008 - FIXED-LENGTH DATA ELEMENTS--GENERAL INFORMATION
fixed length control field 241129s9999||||xx |||||||||||||| ||und||
037 ## - SOURCE OF ACQUISITION
Stock number TB
040 ## - CATALOGING SOURCE
Original cataloging agency CRL
Language of cataloging hin
Transcribing agency CRL
041 ## - LANGUAGE CODE
Language code of text/sound track or separate title hin
Source of code hin
084 ## - COLON CLASSIFICATION NUMBER
Classification number O168,1xN47 152P5
Assigning agency CRL
100 ## - MAIN ENTRY--PERSONAL NAME
Personal name हन्फी, शमीम, ले.
245 #0 - TITLE STATEMENT
Title आजादी के बाद उर्दू नज्म
Statement of responsibility, etc. हन्फी, शमीम, ले.
260 ## - PUBLICATION, DISTRIBUTION, ETC.
Place of publication, distribution, etc. नई दिल्ली, भारत
Name of publisher, distributor, etc. एन. सी. पी. यू. एल.
Date of publication, distribution, etc. 2005
300 ## - PHYSICAL DESCRIPTION
Extent 756पृ0
365 ## - TRADE PRICE
Price type code INR
Price amount 384
546 ## - LANGUAGE NOTE
Language note Translated from Urdu to Hindi
650 ## - SUBJECT ADDED ENTRY--TOPICAL TERM
Topical term or geographic name entry element Urdu Poetry
942 ## - ADDED ENTRY ELEMENTS (KOHA)
Koha item type Textbook
Classification part O168,1xN47 152P5
Holdings
Withdrawn status Lost status Damaged status Not for loan Home library Current library Date acquired Source of acquisition Cost, normal purchase price Inventory number Total Checkouts Full call number Barcode Date last seen Price effective from Koha item type
        Central Library Central Library 2024-11-29 M.R.Publications 384.00 TB3099 & 11/02/2023   O168,1xN47 152P5 CL1679321 2024-11-29 2024-11-29 Textbook
Copyright @ Delhi University Library System